Optimisation of MPEG-4 video decoder kernel = Optimalizácia MPEG-4 dekódera

Salvato in:
Dettagli Bibliografici
Autore principale: Palkovič, Martin (Autore)
Altri autori: Baláž, Marian (Relatore della tesi), Miranda, Miguel (Relatore della tesi)
Natura: Manoscritto Libro
Lingua:inglese
Pubblicazione: Bratislava : STU v Bratislave FEI, 2000
Soggetti:
Tags: Aggiungi Tag
Nessun Tag, puoi essere il primo ad aggiungerne!!

MARC

LEADER 00000ntm a22000003a 4500
001 stu57313
005 20160719164817.5
008 010313s2000------------------------eng-d
040 |a STU  |b slo 
041 0 |a eng 
100 1 |a Palkovič, Martin  |4 aut 
245 1 |a Optimisation of MPEG-4 video decoder kernel = Optimalizácia MPEG-4 dekódera 
260 |a Bratislava :  |b STU v Bratislave FEI,  |c 2000 
650 7 |a elektronika  |2 stusub 
700 1 |a Baláž, Marian  |4 ths 
700 1 |a Miranda, Miguel  |4 ths